Guía práctica del video: problemas y soluciones

সংরক্ষণ করুন:
গ্রন্থ-পঞ্জীর বিবরন
প্রধান লেখক: Gea, Francisco (Author)
বিন্যাস: গ্রন্থ
ভাষা:স্প্যানিশ
প্রকাশিত: Barcelona Planeta 1992
মালা:Manuales Prácticos
বিষয়গুলি:
ট্যাগগুলো: ট্যাগ যুক্ত করুন
কোনো ট্যাগ নেই, প্রথমজন হিসাবে ট্যাগ করুন!

MARC

LEADER 00000nam a2200000 a 4500
001 UCY8734
003 CL-VaPUC
008 950707e19920000SP |||||||||||||||||spa|d
082 0 4 |a 384.558  |b GEA  |2 21 
100 0 |a Gea, Francisco  |e author  |9 340402 
245 1 0 |a Guía práctica del video: problemas y soluciones 
300 |a 208 p 
942 |c BK 
945 |d 19950707 00:00:00  |a rbrito 
260 |a Barcelona  |b Planeta  |c 1992 
650 0 |a Videograbaciones  |9 335540 
650 0 |a Cintas de video  |9 325304 
650 7 |a GRABACIONES  |2 CL-VaPUC  |9 339895 
650 0 |a Material visual  |9 327831 
650 7 |a INGENIERIA DE LA GRABACION  |2 CL-VaPUC  |9 340403 
650 0 |a Medios de comunicación  |9 257206 
583 |a last modification  |c 20180403 11:43:57  |k Rodrigo Vera 
490 0 |a Manuales Prácticos 
999 |c 235950  |d 235948 
952 |0 0  |1 0  |4 0  |6 384_558000000000000_GEA_1992  |7 0  |8 P  |9 243702  |a BIBEDU  |b BIBEDU  |c BIBEDU_PB  |d 2019-11-18  |i 3095959  |o 384.558 GEA 1992  |p 3095959  |r 2024-01-25  |w 2019-11-18  |y BK  |k EPE